| 000 | 00660nam a22001817a 4500 | ||
|---|---|---|---|
| 008 | 200304b xxu||||| |||| 00| 0 eng d | ||
| 020 | _a9789994678464 | ||
| 041 | _aNep | ||
| 082 | _aN895.513/A487r | ||
| 100 | _aआचार्य, सुबिसुधा/Acharya , Subisudha | ||
| 241 | _aRahasyamaya vogai (Katha sangraha ) | ||
| 245 |
_aरहस्यमय भोगाइः _bकथा संग्रह |
||
| 260 |
_aकाभ्रेः _bजनमत प्रकाशन, _c२०६५ |
||
| 300 | _a१४९पृ. | ||
| 650 | _aनेपाली साहित्य | ||
| 650 | _aनेपाली कथा | ||
| 942 |
_2ddc _cISBN |
||
| 999 |
_c95086 _d95075 |
||